|
|
|
|
| LEADER |
00692nam a2200181 a 4500 |
| 001 |
000688657 |
| 003 |
CZ BrMZK |
| 005 |
20080125131212.0 |
| 008 |
030922s1938 xr f cze d |
| 040 |
|
|
|a BOA001
|b cze
|c BOA001
|
| 100 |
1 |
|
|a Frič, Jan,
|d 1868-1944
|7 jk01031871
|4 aut
|
| 245 |
1 |
0 |
|a Dějiny literatury československé pro vyšší průmyslové školy, ústavy příbuzné i pro soukromé studium /
|c napsal Jan Frič
|
| 250 |
|
|
|a 3. opr. a dopl. vyd. se 109 obr.
|
| 260 |
|
|
|a Praha :
|b Šolc a Šimáček,
|c 1938
|
| 300 |
|
|
|a 426 s.
|
| 910 |
|
|
|a BOA001
|b PK-II-0013.434-38
|
| 990 |
|
|
|a BK
|
| 996 |
7 |
|
|b 3119658285
|c PK-II-0013.434-38
|l MZK
|r Sklad / do 1 hodiny
|n 0
|w 000688657
|u 000010
|a 1
|e BOA001
|j MZK50
|s A
|